| 000 | 00359nam a22001337a 4500 | ||
|---|---|---|---|
| 082 |
_a955 _bHUN |
||
| 100 |
_aHunt, G.H _949932 |
||
| 245 |
_aOutram & Havelock's Perdsian campaign. _c G.H. Hunt, |
||
| 260 |
_aLondon _bG. Routledge & Co. _c1858 |
||
| 300 | _aviii, 352p,: | ||
| 526 |
_a0 _b0 _c0 _d955_000000000000000_HUN |
||
| 650 |
_aMCE _9379 |
||
| 942 |
_2ddc _cBK |
||
| 999 |
_c552667 _d552667 |
||